000 00377 a2200157 4500
001 152031
040 _cEscola São Tomás de Aquino
100 _aIACOCCA, Liliana
240 1 0 _aO diário da menina misteriosa
_lpor
245 1 0 _aO diário da menina misteriosa
300 _a2147483647
362 0 _a1999
440 1 _aFTD
697 _a*LITERATURA JUVENIL
942 _cBK
999 _c152031
_d152031